Delphi Technique for Estimating Demand for Human Resources

Na minha lista:
Detalhes bibliográficos
Autor principal: Olexová, Cecília, 1976-
Outros Autores: Pachta, Miloš
Formato: Capítulo de Livro
Idioma:inglês
Assuntos:
Tags: Adicionar Tag
Sem tags, seja o primeiro a adicionar uma tag!

MARC

LEADER 00000nla a2200000 4500
001 0234051
005 20240502073811.2
041 0 |a eng 
044 |a SK 
245 1 0 |a Delphi Technique for Estimating Demand for Human Resources  |c Cecília Olexová, Miloš Pachta 
500 |a Abstrakt 
610 2 0 |a zdroje ľudské 
610 2 0 |a plánovanie 
610 2 0 |a potreby 
610 2 0 |a metódy 
100 1 |a Olexová, Cecília, 1976- 
700 1 |a Pachta, Miloš